Southville International School and Colleges
Your cart is empty.
  • Cart
  • Lists
    Public lists Eva Luna New books Lux_list list_1
    Your lists Log in to create your own lists
  • Log in to your account
  • Your cookies
  • Search history
Southville International School and Colleges
  • Advanced search
  • Recent comments
  • Most popular
  • Libraries

Log in to your account

Log in with GOOGLE


If you do not have an external account, but do have a local account, you can still log in:

  1. Home
  2. MARC view: Dr. Jekyll & Mr. Hyde /
Normal view MARC view ISBD view

Dr. Jekyll & Mr. Hyde / (Record no. 103858)

[ view plain ]
MARC details
000 -LEADER
fixed length control field 00580nam a2200181 a 4500
005 - DATE AND TIME OF LATEST TRANSACTION
control field 20140412111309.0
008 - FIXED-LENGTH DATA ELEMENTS--GENERAL INFORMATION
fixed length control field 030415s19uu xx 00 eng d
020 ## - INTERNATIONAL STANDARD BOOK NUMBER
International Standard Book Number 1-896298-02-8
050 ## - LIBRARY OF CONGRESS CALL NUMBER
Classification number ER
Item number Dr657 1994
100 ## - MAIN ENTRY--PERSONAL NAME
Personal name Henry, Brian
245 ## - TITLE STATEMENT
Title Dr. Jekyll & Mr. Hyde /
Statement of responsibility, etc Adapted by Brian Henry ; illustrated by Susan Moshynski.
260 ## - PUBLICATION, DISTRIBUTION, ETC. (IMPRINT)
Place of publication, distribution, etc Ontario, Canada :
Name of publisher, distributor, etc Tribute Publishing Inc,
Date of publication, distribution, etc 1994.
300 ## - PHYSICAL DESCRIPTION
Extent 32 p. ; ill.
440 ## - SERIES STATEMENT/ADDED ENTRY--TITLE
Title The Pagemaster Classic Series
500 ## - GENERAL NOTE
General note Adapted from the noverl by Robert Louis Stevenson
650 ## - SUBJECT ADDED ENTRY--TOPICAL TERM
Topical term or geographic name as entry element Fiction
Holdings
Withdrawn status Lost status Damaged status Use restrictions Home library Current library Shelving location Date acquired Source of acquisition Total Checkouts Full call number Barcode Date last seen Price effective from Koha item type
        Elizalde Library Elizalde Library Easy Reading Section 04/15/2003     ER Dr657 1994 E6021 04/12/2014 04/12/2014 Books

Dr. Jekyll & Mr. Hyde /

APA

Henry B., . (1994). Dr. Jekyll & Mr. Hyde. Ontario, Canada: Tribute Publishing Inc.

Chicago

Henry Brian, . 1994. Dr. Jekyll & Mr. Hyde. Ontario, Canada: Tribute Publishing Inc.

Harvard

Henry B., . (1994). Dr. Jekyll & Mr. Hyde. Ontario, Canada: Tribute Publishing Inc.

MLA

Henry Brian, . Dr. Jekyll & Mr. Hyde. Ontario, Canada: Tribute Publishing Inc. 1994.

  • Place hold
  • Print
  • Cite
  • Add to your cart (remove)
  • Save record
    BIBTEX Dublin Core MARCXML MARC (non-Unicode/MARC-8) MARC (Unicode/UTF-8) MARC (Unicode/UTF-8, Standard) MODS (XML) RIS
  • More searches
    Search for this title in:
    Other Libraries (WorldCat) Other Databases (Google Scholar) Online Stores (Bookfinder.com) Open Library (openlibrary.org)

Exporting to Dublin Core...

SOUTHVILLE LIBRARY

Southville International School and Colleges Library

1281 Tropical Ave. Cor. Luxembourg St., BF Homes International, Las Pinas City

Tel. No. 8256374 / 252358 Loc. 117/146

Powered by Koha